Les pays avec le plus grand pourcentage d'immigrés - Statistiques

Statistiques générales
  • Ce quiz a été pris 300 fois
  • Le résultat moyen est 8 sur 20
Statistiques - réponses
Pourcentage Pays % Correct
21% Canada
70%
19% Allemagne
68%
30% Australie
53%
88% Emirats arabes unis
52%
77% Qatar
51%
39% Arabie saoudite
50%
29% Suisse
48%
23% Israël
44%
20% Suède
44%
73% Koweït
39%
46% Oman
39%
55% Bahreïn
38%
29% Nouvelle-Zélande
35%
25% Liban
31%
43% Singapour
28%
18% Irlande
26%
34% Jordanie
26%
19% Autriche
22%
20% Kazakhstan
7%
19% Gabon
5%
Aucun quiz correspondant
Distribution des résultats
% des personnes avec chaque résultat
Percentile par nombre de réponses
Votre historique - résultats
Vous n’avez pas pris ce quiz